<?xml version="1.0" encoding="UTF-8"?>
<collection xmlns="http://www.loc.gov/MARC21/slim">
  <record>
    <leader>00000nam  2200000   4500</leader>
    <controlfield tag="001">INLIS000000000019064</controlfield>
    <controlfield tag="005">20250203030639</controlfield>
    <datafield tag="035" ind1="#" ind2="#">
      <subfield code="a">0010-0225000021</subfield>
    </datafield>
    <controlfield tag="007">ta</controlfield>
    <controlfield tag="008">250203################|##########|#|##</controlfield>
    <datafield tag="084" ind1="#" ind2="#">
      <subfield code="a">R 077 PKN II 2023</subfield>
    </datafield>
    <datafield tag="100" ind1=" " ind2="#">
      <subfield code="a">Florentinus Kristiartono</subfield>
    </datafield>
    <datafield tag="245" ind1="1" ind2="#">
      <subfield code="a">Pmberian Apresiasi dan/atau Pengenaan Sanksi Kepada Unit Kerja Esl. II Dalam Rangka Mendukung Peningkatan Efektifitas Dan Efisiensi Kinerja Anggaran, Pelaporan, Dan Pengelolaan Arsip Dinamis, Serta Akselerasi Digitalisasi Admini8strasi Pemerintahan Di ANRI /</subfield>
      <subfield code="c">Florentinus Kristiartono</subfield>
    </datafield>
    <datafield tag="250" ind1="#" ind2="#">
      <subfield code="a">1</subfield>
    </datafield>
    <datafield tag="260" ind1="#" ind2="#">
      <subfield code="a">Jakarta :</subfield>
      <subfield code="b">Pusbangkom Pimnas,</subfield>
      <subfield code="c">2023</subfield>
    </datafield>
    <datafield tag="300" ind1="#" ind2="#">
      <subfield code="a">432 :</subfield>
      <subfield code="b">ilus ;</subfield>
      <subfield code="c">29 x 21 x 3</subfield>
    </datafield>
    <datafield tag="650" ind1="#" ind2="4">
      <subfield code="a">Anggaran</subfield>
    </datafield>
    <datafield tag="520" ind1="#" ind2="#">
      <subfield code="a">Dalam rangka meningkatkan komitmen dan motivasi Unit Kerja Eselon II di ANRI agar dapat menghasilkan perencanaan program dan perencanaan anggaran yang berkualitas menyampaikan laporan tepat waktu, serta meningkatkan kinerja pengelolaan arsip dinamis di internal ANRI, diperlukan suatu mnekanisme dalam bentuk dasar hukum. Dasar hukum dimaksud adalah Peraturan Kepala ANRI yang mengatur mengenai pemberian apresia dan/atau pengenaan sanksi kepada unit kerja esl II dalam rangka meningkatkan kinerja ANRI terkait dengan perencanaan, penyampaian laporan, pengelolaan arsip dinamis, serta percepatan akselerasi adm pemerintah di ANRI</subfield>
    </datafield>
    <datafield tag="856" ind1="#" ind2="#">
      <subfield code="a">Perpustakaan Pusat LAN</subfield>
    </datafield>
    <datafield tag="990" ind1="#" ind2="#">
      <subfield code="a">2412077</subfield>
    </datafield>
  </record>
</collection>
